Responses for Show #3936 - Monday, October 15, 2001

Introduction of Clue Crew member Jimmy.

Contestants

[<< previous game]

Ben Martin, an attorney from Washington, D.C.

Ellen Rourke, a high school social studies teacher from Chicago, Illinois

Tanya Knight, an immigration counselor from Toronto, Canada (whose 1-day cash winnings total $3,500)

[next game >>]

Jeopardy! Round responses

THE HISTORY CHANNEL
AD CAMPAIGNS
KNOW YOUR MUPPETS
PRESIDENTIAL LIFETIMES
UNIVERSITY OF MICHIGAN ALUMNI
ENDS IN "X"
    $100 24
bulldozer

Tanya
    $100 19
American Express

Ben
    $100 6
Bert

Tanya
    $100 11
George Washington

Tanya
    $100 13
Madonna

Ellen
    $100 1
a breadbox

Ben
    $200 27
(Ben: Who is Tim...)

Tim Allen

TanyaBen
    $200 20
Keeps on Giving

Ellen
    $200 7
rat

Tanya
    $200 12
(Tanya: Who is Teddy Roosevelt--)
(Alex: No.)
(Tanya: I mean Franklin Roosevelt?)
...
(Alex: I ruled against you before you had a chance to correct.)

Franklin D. Roosevelt

TanyaBen
    $200 14
James Earl Jones

Ben
    $200 2
Tyrannosaurus rex

Ben
    $300 28
the assembly line

Ellen
    $300 21
Charles Atlas

Triple Stumper
    $300 8
chicken

Tanya
    $300 16
Richard M. Nixon

Ben
    $300 15
Arthur Miller

Tanya
    $500 3
Phoenix

Ben
    $400 29
(Ben: What is a drill press?)
[The end-of-round signal sounds.]

drill bit

EllenBen
    $400 22
(Alex: Minute to go.)

Greyhound

Ellen
    $400 9
piano

Ellen
    $400 25
William McKinley

Tanya
    $400 17
Mike Wallace

Triple Stumper
    $400 4
Luxury Tax

Ben
    $500 23
Chanel No. 5

Triple Stumper
    $500 10
"Hi-Ho" or "Hi-Yah!"

Ben
    $500 26
(Tanya: Who is Warren Harding?)

Woodrow Wilson

TanyaEllen
    $500 18
The Big Chill

Ellen
    $500 5
onyx

Triple Stumper

Scores at the first commercial break (after clue 13):

Tanya Ellen Ben
$500 $500 $1,900

Scores at the end of the Jeopardy! Round:

Tanya Ellen Ben
$1,000 $2,800 $1,900

Double Jeopardy! Round responses

TITLES TAKEN FROM SHAKESPEARE
THEY WERE IN THAT?
COUNTY SEATS
AFRIKAANS
TRAVEL TIDBITS
SOUNDS LIKE A PLAN
    $200 14
Remembrance of Things Past

Triple Stumper
    $200 19
Valley of the Dolls

Tanya
    $200 7
Aspen

Triple Stumper
    $200 9
head

Tanya
    $200 1
William Tell

Tanya
    $200 6
Mexico

Ben
    $1,000 20
Brave New World

Tanya
    $400 8
Sutter County

Triple Stumper
    $400 10
(Ben: What is a shoe?)
(Tanya: What is a deer?)

antelope

TanyaBen
Triple Stumper
    $400 2
Canberra

Ben
    $400 15
Soviet Union

Ben
    $600 21
(Alex: Minute to go.)

The Sound and the Fury

Ben
    $1,000 11
Cape Town

Tanya
    $600 3
Hong Kong

Tanya
    $600 16
(Ben: Who is Andrew Johnson?)

Abraham Lincoln

TanyaBen
    $800 24
(Ellen: What is The Grapes of Wrath?)
(Ben: What is Of Mice and Men?)
[The end-of-round signal sounds.]

The Winter of Our Discontent

EllenBen
Triple Stumper
    $800 22
(Ben: What is Fatherhood?)
(Tanya: What is Analyze This?)

Fathers' Day

TanyaBen
Triple Stumper
    $800 12
(Ben: What is the Serengeti?)
(Tanya: What is the transvelt?)

veld

TanyaBen
Triple Stumper
    $800 4
sea urchin

Ben
    $800 17
Albany Plan

Triple Stumper
    $1000 23
Cheryl Ladd

Tanya
    $1000 13
(Tanya: What is a trekboer?)

Voortrekker

Tanya
Triple Stumper
    $1000 5
(Ben: What is Staten Island?)
(Ellen: What is Coney Island?)
(Tanya: What is Brooklyn?)

Roosevelt Island

TanyaEllenBen
Triple Stumper
    $1000 18
(Tanya: What is the European Reconstruction Program?)

European Recovery Program

TanyaEllen

Scores at the end of the Double Jeopardy! Round:

Tanya Ellen Ben
$800 $2,000 -$100
(lock game)

[wagering suggestions for these scores]

Final Jeopardy! Round responses

SCIENCE NEWS
TanyaWhat
$800
EllenWhat is a solar eclipse?
$399
the Mir space station crashing down to Earth

Final scores:

Tanya Ellen Ben
$0 $1,601 -$100
2nd place: Trip to Sonesta Beach Resort, Bermuda New champion: $1,601 3rd place: Trip to La Costa Resort & Spa, San Diego

Game dynamics:

Coryat scores:

Tanya Ellen Ben
-$200 $2,000 -$300
16 R
(including 2 DDs),
8 W
9 R,
2 W
14 R
(including 1 DD),
8 W

Combined Coryat: $1,500

[game clues] [game scores] [suggest correction]

Game tape date: 2001-08-22
The J! Archive is created by fans, for fans. Scraping, republication, monetization, and malicious use prohibited; this site may use cookies and collect identifying information. See terms. The Jeopardy! game show and all elements thereof, including but not limited to copyright and trademark thereto, are the property of Jeopardy Productions, Inc. and are protected under law. This website is not affiliated with, sponsored by, or operated by Jeopardy Productions, Inc. Join the discussion at JBoard.tv.